Alkali-activated binder concretes in construction (Record no. 112262)

MARC details
000 -LEADER
fixed length control field 00927cam a22002655a 4500
001 - CONTROL NUMBER
control field E152916
008 - FIXED-LENGTH DATA ELEMENTS--GENERAL INFORMATION
fixed length control field 110516s2011 xxko f 000 0 eng d
020 ## - INTERNATIONAL STANDARD BOOK NUMBER
International Standard Book Number 9781848061897
035 ## - SYSTEM CONTROL NUMBER
System control number (Sirsi) u152916
041 0# - LANGUAGE CODE
Language code of text/sound track or separate title eng
050 04 - LIBRARY OF CONGRESS CALL NUMBER
Classification number 693.5 $2 18
100 1# - MAIN ENTRY--PERSONAL NAME
Personal name Dunster, Andrew
245 00 - TITLE STATEMENT
Title Alkali-activated binder concretes in construction
Remainder of title an introduction to their benefits and properties and barriers to their use
260 ## - PUBLICATION, DISTRIBUTION, ETC.
Place of publication, distribution, etc. Watford
Name of publisher, distributor, etc. BRE
Date of publication, distribution, etc. 2011
300 ## - PHYSICAL DESCRIPTION
Extent 8p.
Other physical details ill.
Dimensions 30cm.
490 #0 - SERIES STATEMENT
Series statement BRE Information Paper
Volume/sequential designation (4/11)
520 ## - SUMMARY, ETC.
Summary, etc. Looks at the pros and cons of alkali-activated binders and assesses the results of large-scale trials of their use.
521 ## - TARGET AUDIENCE NOTE
Target audience note Advanced
590 ## - LOCAL NOTE (RLIN)
Local note KA
651 #4 - SUBJECT ADDED ENTRY--GEOGRAPHIC NAME
Geographic name United Kingdom
Chronological subdivision
690 ## - LOCAL SUBJECT ADDED ENTRY--TOPICAL TERM (OCLC, RLIN)
Topical term or geographic name as entry element BUILT ENVIRONMENT-BUILDING MATERIALS-CEMENTITIOUS, CONCRETE AND MINERAL BOUND MATERIALS-CONCRETE
700 1# - ADDED ENTRY--PERSONAL NAME
Personal name Quillin, Keith
700 1# - ADDED ENTRY--PERSONAL NAME
Personal name Abora, Kofi
942 ## - ADDED ENTRY ELEMENTS (KOHA)
Suppress in OPAC 0
Holdings
Withdrawn status Lost status Source of classification or shelving scheme Damaged status Not for loan Home library Current library Shelving location Date acquired Total Checkouts Full call number Barcode Date last seen Copy number Price effective from Koha item type
    Dewey Decimal Classification     London London BRE publications 16/05/2011   BRE 30075701 06/08/2019 1 06/08/2019 Reference material